00491nam a2200193Ia 4500008004100000020001500041050000800056050001500064100002600079245002900105245003000134260001800164260002000182260000900202300001800211300001100229650003000240650002700270160319s9999 xx 000 0 und d a9717070288 a808 bL137l 1996 aLachica, Veneranda S. aLiteraturang Filipino /  cVeneranda Santos Lachica. aPasig City :  bAcademic Pub.,  c1996 axi, 282 p. ;  c26 cm. aPhilippine literature --  xHistory and criticism.